000 004440000a22001690004500
003 MACL
005 20151227144313.0
008 151227b xxu||||| |||| 00| 0 eng d
040 _aMACL
_cmacl
041 _aEnglish
082 _a070.54/WOL
100 _aWolseley, Roland e
_923318
245 _aJournalism in Modern India
260 _bAsia Publishing House
_c1964
_aNew Delhi
650 _aJournalisham
_923319
942 _cBK
_k070.54/Wol
_2ddc
999 _c36273
_d36273